Normal view
MARC view
- K. Gopal Gopalan
Entry Personal Name
001 - CONTROL NUMBER
- control field: 125734
003 - CONTROL NUMBER IDENTIFIER
- control field: NUST
005 - DATE AND TIME OF LATEST TRANSACTION
- control field: 20240909170820.0
008 - FIXED-LENGTH DATA ELEMENTS
- fixed length control field: 240909|| aca||aabn | a|a d
040 ## - CATALOGING SOURCE
- Original cataloging agency: NUST
- Transcribing agency: NUST
100 ## - HEADING--PERSONAL NAME
- Personal name: K. Gopal Gopalan
670 ## - SOURCE DATA FOUND
- Source citation: Work cat.: (NUST): K. Gopal Gopalan, Introduction to Digital Microelectronic Circuits, 1996.
